000 00403nam a2200157 i 4500
001 bg
245 0 _aEkologia wód śródlądowych :
_bpraca zbiorowa /
_cpod red. K. Tarwida.
260 _aWarszawa,
_c1988.
650 9 _aWody śródlądowe
700 1 _aTarwid, Kazimierz.
_eRed.
040 _cBPK
041 _apol
080 _a574.5(28)
942 _cKS
008 s pl f |000 0 pol
999 _c3507
_d3507
856 _uhttp://koha.tu.koszalin.pl/cgi-bin/koha/opac-detail.pl?biblionumber=3507
_yKatalog online BPK